00381nam a2200121Ia 4500008004100000082002000041100001600061245004300077260005900120300001000179630001800189650005200207211118s9999||||xx |||||||||||||| ||und|| a894.8121bMUK-G aMukundan, N 0aGadha: Study of Krishnagadha and After bState Institute of LanguagesaThiruvananthapuramc1981 a111p. xGeneral Stack aMalayalam LiteraturevMalayalam PoetryMalayalam